000 00489nam a2200181Ia 4500
003 GCL
008 140319s9999 xx 000 0 ara d
040 _aGCL /
_cGCL
082 0 4 _a188
_bم م
100 1 _aمراد وهبة
245 1 0 _aمدخل الى التنوير /
_cمراد وهبة
300 _a202 ص
490 _a100 قصة
_v0
650 0 4 _aالفلسفة
650 0 4 _aالفلسفة الغربية
650 0 4 _aفلسفة العصور الوسطى
942 _2ddc
_cBK
999 _c45543
_d45543